Що молода дівчина повинна знати: написано з матерньою любовю і лікарським знанням (Запис № 574841)

МАРК-запис
000 -Лідер
fixed length control field 00948nam a22002177a 4500
001 - Контрольний номер
control field 2162214035923961
003 - Ідентифікатор контрольного номера
control field UA-OsUOA
005 - Дата та час останнього входження (трансакції)
control field 20230816153937.0
008 - Елементи даних фіксованої довжини – загальна інформація
fixed length control field 230804b un ||||| |||| 00| 0 ukr d
040 ## - Джерело каталогізації
Агенція оригінальної каталогізації UA-OsUOA
Мова каталогізації ukr
Агенція, яка здійснювала перезапис UA-OsUOA
Агенція, яка здійснювала модифікацію UA-OsUOA
041 ## - Код мови
Код мови тексту/ звукової доріжки чи окремого заголовка (П) ukr
082 ## - Індекс за Десятковою класифікацією Дьюї
Ідентифікатор видання 395
090 ## - Локальний шифр розміщення
Класифікаційний індекс УДК 395
Авторський знак (НП) В88
100 ## - Основне введення – ім’я особи
Ім’я особи (НП) Вуд-Елейн М.
245 ## - Відомості про назву
Назва (НП) Що молода дівчина повинна знати: написано з матерньою любовю і лікарським знанням
Дані про відповідальність (НП) М. Вуд-Елейн
300 ## - Фізичний опис
Обсяг 92 с.
650 ## - Додаткове предметне введення – тематичний термін
Джерело заголовка чи терміна UDC
Тематичний термін чи географічна назва, як елемент введення (НП) 395 Церемоніал. Етикет. Правила поведінки.Соціальні сходинки. Звання. Титули
856 40 - Електронне місцезнаходження та доступ
Уніфікований ідентифікатор ресурсу (П) https://diasporiana.org.ua/wp-content/uploads/books/9636/file.pdf
942 ## - Додаткові елементи входу (Коха)
Source of classification or shelving scheme Universal Decimal Classification
Тип елемента Koha Брошура
Фонди
Стан вилучень Стан втрат Джерело класифікації або схеми стелажів Стан уражень Не для кредиту Код колекції Постійне місце розташування Поточне розміщення Дата придбання Джерело придбання Інвентарний номер Усього замовленно Повний номер виклику Штрих-код Дата останнього перегляду Ціна ефективна від Тип елемента Koha
    Universal Decimal Classification     Колекція др. Константина Бризгуна (Оксани і Ярослава Соколиків) Наукова бібліотека ІДУД Наукова бібліотека ІДУД 04/08/2023 Акт надходжень №4/02.08.2023 (від Соколиків) 2140539   395 В-88 2140539 04/08/2023 04/08/2023 Брошура